• 首页
  • 本馆介绍
  • 公告通知
  • 最新文献
  • 馆藏检索
  • 电子资源
  • 读者导购
  • 参考咨询
  • 我的图书馆
  • 登录
  • 详细信息显示
  • 放入我的书架
  • 预约/预借图书
  • 作者相关作品
  • 分类相关作品
  • 丛书相关作品
  • 出版社相关作品

书目信息

  • 表格格式
  • 工作单格式
  • 卡片格式
题名:
新个人所得税实务与案例
    
 
作者: 吴健 编著
分册:  
出版信息: 北京   中国市场出版社  2019
页数: 29,552页
开本: 26cm
丛书名:
单 册:
中图分类: F812.424 , F812.4
科图分类:
主题词: 个人所得税--税收管理--研究--中国
电子资源:
ISBN: 978-7-5092-1718-4
000 00891nam0 2200241 450
001 2065890535
005 20201127181838.75
010    @a978-7-5092-1718-4@dCNY88.00
100    @a20190221d2019 em y0chiy50 ea
101 0  @achi
102    @aCN@b110000
105    @ay z 000yy
200 1  @a新个人所得税实务与案例@9xin ge ren suo de shui shi wu yu an li@b专著@e2019个税新法规学习读本@f吴健编著
210    @a北京@c中国市场出版社@d2019
215    @a29,552页@d26cm
330    @a本书共十三章,内容包括:个人所得税概述、个人所得税法的基本要素、综合所得、经营所得、财产租赁所得、财产转让所得、偶然所得、减免税优惠等。
510 1  @aAll new case studies and practice for individual income tax@zeng
606 0  @a个人所得税@x税收管理@x研究@y中国
690    @aF812.424@v5
690    @aF812.4@v4
701  0 @a吴健@9wu jian@4编著
801  2 @aCN@b58marc.cn@c20190405
905    @aZUCC@dF812.4@e3
    
    新个人所得税实务与案例:2019个税新法规学习读本/吴健编著.-北京:中国市场出版社,2019
    29,552页;26cm
    
    
    ISBN 978-7-5092-1718-4:CNY88.00
    本书共十三章,内容包括:个人所得税概述、个人所得税法的基本要素、综合所得、经营所得、财产租赁所得、财产转让所得、偶然所得、减免税优惠等。
●
相关链接 在五车中查询图书 在当当中查询图书 在豆瓣中查询图书


正题名:新个人所得税实务与案例     索取号:F812.4/3         预约/预借

序号 登录号 条形码 馆藏地/架位号 状态 备注
1 871059   2000871059   第二书库/ [索取号:F812.4/3] 在馆    
2 871060   2000871060   第二书库/ [索取号:F812.4/3] 在馆    
3 871061   2000871061   第二书库/ [索取号:F812.4/3] 在馆    
山东省滨州职业学院图书馆 欢迎您!
大连网信软件有限公司© 版权所有